| 000 | 00375nam a22001577a 4500 | ||
|---|---|---|---|
| 003 | SGT | ||
| 020 | _a812390338-3 | ||
| 082 |
_a615.892 _bC23A |
||
| 100 | _aAGRAWAL, A.L. | ||
| 245 | _aCLINICAL PRACTICE OF ACUPUNCTURE | ||
| 260 |
_aNEW DELHI _bCBS. PUB. _c2023 |
||
| 300 | _a464 | ||
| 650 | _aNATUROPATHY | ||
| 653 | _aCLINICAL, PRACTICE, ACUPUNCTURE | ||
| 942 |
_2ddc _cBK _042 |
||
| 999 |
_c24548 _d24548 |
||